| 000 | 01248nam a2200337 4500 | ||
|---|---|---|---|
| 001 | 178857 | ||
| 003 | ES-MaACL | ||
| 005 | 20230911122629.0 | ||
| 008 | 110719s2010 sp | |||| | spa d | ||
| 020 | _a978-84-92573-97-4 | ||
| 080 | _a94(=411.21:460) | ||
| 080 | _a316.72(460) | ||
| 080 | _a930.85(460:=411.21) | ||
| 100 | 1 |
_aRodríguez Ramos, Antonio Manuel. _9147394 |
|
| 245 | 1 | 3 |
_aLa huella morisca / _cAntonio Manuel ; [edición de Javier Ortega]. |
| 246 | 3 | 4 |
_iSubtítulo de cub. _aEl Al Ándalus que llevamos dentro |
| 250 | _a1ª ed. | ||
| 260 |
_a[Córdoba] : _bAmuzara, _c2010. |
||
| 300 |
_a203 p. ; _c24 cm. |
||
| 490 | 1 | _aColección Andalucía | |
| 505 | 8 |
_aContiene: Addenda: ; _tTestimonio del morisco Muley Francisco Núñez (1567) ; _tDeclaración de Chauen (31 de octubre de 2006) |
|
| 650 | 7 |
_aMusulmanes- _zEspaña- _xHistoria. _9147395 |
|
| 650 | 0 | 7 |
_aIdentidad cultural- _zEspaña. _913537 |
| 651 | 7 |
_aEspaña- _xCivilización- _xInfluencia árabe. _98166 |
|
| 700 | 1 |
_aOrtega, Javier. _9147396 |
|
| 830 | 0 |
_aColección Andalucía _9224356 |
|
| 852 |
_aES-MaACL _9185722 _bR.145865 _jA-11368 _dOlim: N-4372 _cDEPO1 |
||
| 942 |
_2udc _cMONOGRAFIA |
||
| 999 |
_c178857 _d178857 |
||